| 000 | 00907nam a2200253 a 4500 | ||
|---|---|---|---|
| 001 | 000009311 | ||
| 003 | DO-SdBNP | ||
| 005 | 20220308114937.0 | ||
| 007 | ta | ||
| 008 | 090929s20uu dr 000 0 spa d | ||
| 040 |
_aDO-SdBNP _bspa _cBNPHU |
||
| 082 | 4 |
_a344.729302 _bR426L, [198-] _222 |
|
| 110 | 1 |
_aRepública Dominicana _9447 |
|
| 240 | 1 | 0 | _a[Leyes, etc.] |
| 245 | 1 | 0 |
_aLey no. 87-01 sobre el sistema dominicano de seguridad social y sus reglamentos de aplicación / _cprólogo Ramón Fadul. |
| 260 |
_aSanto Domingo : _bPellerano & Herrera, _c[198-]. |
||
| 300 |
_a327, xxxiv p. ; _c23 cm. |
||
| 500 | _aIncluye referencias bibliográficas y notas al pie de las páginas | ||
| 590 | _aInventariado,2018/DG | ||
| 650 | 1 | 4 |
_aSeguridad social _xLegislación _zRepública Dominicana _914351 |
| 700 | 1 |
_aFadul, Ramón, _epról. _924039 |
|
| 910 | _aValidado. Control de calidad MFF | ||
| 942 |
_2ddc _cLBS1 |
||
| 999 |
_c9071 _d9071 |
||